In the image of Peter: (Record no. 5144)

000 -LEADER
fixed length control field 00548nam a2200181 a 4500
001 - CONTROL NUMBER
control field :::00002885$&:&@@
003 - CONTROL NUMBER IDENTIFIER
control field OkBaRHE
005 - DATE AND TIME OF LATEST TRANSACTION
control field 20000607103258.0
008 - FIXED-LENGTH DATA ELEMENTS--GENERAL INFORMATION
fixed length control field s1965 j 000 0 eng u
040 ## - CATALOGING SOURCE
Transcribing agency
100 1# - MAIN ENTRY--PERSONAL NAME
Personal name Blaiklock, E. M.
245 10 - TITLE STATEMENT
Title In the image of Peter:
Remainder of title Mark, the man and his message.
260 ## - PUBLICATION, DISTRIBUTION, ETC. (IMPRINT)
Place of publication, distribution, etc Chicago, IL., :
Name of publisher, distributor, etc Moody Press
Date of publication, distribution, etc c1965
300 ## - PHYSICAL DESCRIPTION
Extent 112 p. ;
Dimensions 18 cm.
650 ## - SUBJECT ADDED ENTRY--TOPICAL TERM
Topical term or geographic name as entry element Mark, Saint
942 ## - ADDED ENTRY ELEMENTS (KOHA)
Source of classification or shelving scheme
Koha item type Books
Copies
Not for loan Barcode Lost status Price effective from Copy number Source of classification or shelving scheme Permanent Location Withdrawn status Shelving location Full call number Date last seen Damaged status Date acquired Koha item type
 2885 2010-04-141 RHEMA Bible Training College General StacksBS 2460 .B552018-03-16 2010-04-14Books